000 01546nam0a2200373 4500
001 RU\NLR\bibl\214473
005 20250619102027.0
010 _a5-901423-03-8
_bВ пер.
_91000
020 _aRU
_b01-30635
_9Книжная летопись
021 _aRU
_b2001-11224
_9527
035 _a(NLR Aleph) 000210618
090 _a1222479
_c1222479
100 _a20011206d2000 |||y0rusy50 ca
101 0 _arus
102 _aRU
105 _aa |||||||||
200 1 _aНожной массаж
_e(Техника и методика обучения)
_e[Учеб. пособие для высш. пед. учеб. заведений по специальности 022300 "Физ. культура и спорт"]
_fР. Р. Амерханов
210 _aМ.
_cДжет Пресс
_d2000
215 _a207 с.
_cил.
_d25
320 _aАлф. указ.: с. 199-204
606 0 _aМассаж
_jРуководства, пособия и т.п.
_xМетодика и техника
_91567005
_3RU\NLR\auth\66686174
606 0 _aМассаж
_jУчебные издания
_xМетодика и техника
_91567005
_3RU\NLR\auth\66686174
610 0 _aМассаж лечебный
675 _a615.82(075.8)
_v3
_zrus
686 _a76.29
_2rugasnti
686 _a53.54я73
_2rubbk
686 _aР354.12я7
700 1 _aАмерханов
_gРамиль Рашидович
_4070
801 0 _aRU
_bRKP
_c20011206
_gPSBO
801 1 _aRU
_bRKP
_c20011206
801 2 _aRU
_bNLR
_c20020116
_grcr
942 _cBOOK
980 _aNB